000
00312nam a2200133Ia 4500
100
_a
Srivastava G.P. eD
650
_a
Electrical Engineering
942
_c
RB
654
_a
microwavesa
245
_a
Recent Advances in Microwaves
260
_b
Narosa book
_a
New Delhi
_c
1993
546
_a
ENGLISH
999
_c
32137
_d
32137